000
00216nam a22000977a 4500
003
OSt
008
210113b ||||| |||| 00| 0 eng d
100
_a
Balakrishnan, K
_9
1023
245
_a
Sahyadrisanukkalil
942
_c
BK
999
_c
16413
_d
16413